000 00687cam a22002533a 4500
001 25961
003 PGUSA
005 20140828083546.0
008 080703s2008||||xxu|||||s|||||000 p eng d
040 _aPGUSA
_beng
042 _adc
050 4 _aPS
100 1 _aLardner, Ring,
_d1885-1933
245 1 0 _aBib Ballads
_h[electronic resource] /
_cRing Lardner
260 _bProject Gutenberg,
_c2008
506 _aPublic domain in the USA.
516 _aElectronic text
653 _aAmerican poetry
653 _aChildren -- Poetry
700 1 _aFox, Fontaine,
_d1884-1964
830 0 _aProject Gutenberg
_v25961
856 4 0 _uhttp://www.gutenberg.org/ebooks/25961
942 _cEB
999 _c255216
_d255216